| 000 | 00832cam a2200253 a 4500 | ||
|---|---|---|---|
| 003 | OSt | ||
| 005 | 20240530110417.0 | ||
| 008 | 040128s2004 dcua f 001 0 eng | ||
| 020 | _a9789774161339 | ||
| 040 |
_aEG-CaGPL _cEG-CaGPL |
||
| 043 | _af-ua--- | ||
| 082 | 0 | 0 |
_221 _a932 _bC C\Z H |
| 100 | 1 | _aHawass, Zahi A. | |
| 245 | 1 | 0 |
_aHidden treasures of ancient Egypt : _bunearthing the masterpieces of Egyptian history / _cZahi Hawass ; photographs by Kenneth Garrett. |
| 260 |
_aWashington, D.C. : _bNational Geographic, _c2004. |
||
| 300 |
_a239 p. : _bchiefly col. ill. ; _c30 cm. |
||
| 500 | _aIncludes index. | ||
| 650 | 0 |
_aExcavations (Archaeology) _zEgypt. |
|
| 650 | 0 | _aArt, Egyptian. | |
| 651 | 0 |
_aEgypt _xAntiquities. |
|
| 700 | 1 | _aGarrett, Kenneth. | |
| 710 | 2 | _aNational Geographic Society (U.S.). | |
| 942 |
_2ddc _cBK |
||
| 999 |
_c60584 _d60584 |
||